Lista y distribución de las especies de murciélagos de Costa Rica / (Registro nro. 1883)
[ vista simple ]
| 000 -CABECERA | |
|---|---|
| Campo de control | 00812nam a2200229 i 4500 |
| 005 - FECHA Y HORA DE LA ULTIMA TRANSACCION | |
| Campo de control | 20160108033513.0 |
| 008 - ELEMENTOS DE LONGITUD FIJA—INFORMACION GENERAL | |
| Campo de control | 140303b1999 wau||||| |||| 00| 0 spa d |
| 040 ## - FUENTE DE CATALOGACIÓN | |
| Agencia catalogadora original | CO-BoIAVH |
| Agencia transcriptora | CO-BoIAVH |
| 041 ## - IDIOMA | |
| Código de idioma para texto/pista de sonido o título separado | Español |
| 044 ## - PAÍS DE PUBLICACIÓN | |
| País de publicación | Estados Unidos |
| 082 04 - NUMERO DE CLASIFICACION DECIMAL DEWEY | |
| Número de clasificación | 599.4097 |
| Número del ítem | B51l |
| 100 1# - ASIENTO PRINCIPAL--NOMBRE PERSONAL | |
| Nombre personal | Bernal Rodríguez, H. |
| 9 (RLIN) | 13571 |
| 245 10 - MENCION DE TITULO | |
| Título | Lista y distribución de las especies de murciélagos de Costa Rica / |
| Mención de responsabilidad | Bernal Rodríguez-H, Don E. Wilson. |
| 260 ## - PUBLICACION, DISTRIBUCION, ETC. (PIE DE IMPRENTA) | |
| Lugar de publicación, distribución, etc. | Washington : |
| Nombre del editor, distribuidor, etc. | Conservation International , |
| Fecha de publicación, distribución, etc. | 1999. |
| 300 ## - DESCRIPCION FISICA | |
| Extensión | 34 páginas : |
| Dimensiones | 25 cm. |
| 650 14 - ASIENTO SECUNDARIO DE MATERIA - TERMINO TEMATICO | |
| Término temático o nombre geográfico como elemento de entrada | Murciélagos |
| Subdivisión geográfica | Costa Rica |
| 9 (RLIN) | 48148 |
| 650 24 - ASIENTO SECUNDARIO DE MATERIA - TERMINO TEMATICO | |
| Término temático o nombre geográfico como elemento de entrada | Quiroptera |
| 9 (RLIN) | 8434 |
| 650 24 - ASIENTO SECUNDARIO DE MATERIA - TERMINO TEMATICO | |
| Término temático o nombre geográfico como elemento de entrada | Murciélagos |
| Subdivisión general | Distribución geográfica |
| Subdivisión geográfica | Costa Rica |
| 9 (RLIN) | 48149 |
| 650 24 - ASIENTO SECUNDARIO DE MATERIA - TERMINO TEMATICO | |
| Término temático o nombre geográfico como elemento de entrada | Murciélagos |
| Subdivisión general | Identificación |
| Subdivisión geográfica | Costa Rica |
| 9 (RLIN) | 48150 |
| 700 ## - ASIENTO SECUNDARIO - NOMBRE PERSONAL | |
| Nombre personal | Don E., Wilson |
| Término de relación | autor |
| 9 (RLIN) | 13573 |
| 942 ## - ELEMENTOS ADICIONALES (KOHA) | |
| Tipo de ítem | Libro |
| Sistema de clasificación | Dewey Decimal Classification |
| Withdrawn status | Lost status | Sistema de Clasificación | Damaged status | No para préstamo | Colección | Inventariado | Ubicación Permanente | Ubicación actual | Fecha de adquisición | Fuente de Valor | Valor | Total Checkouts | Número topográfico | Inventario / Código de Barras | Date last seen | Ejemplar | Price effective from | Forma de adquisición | Tipo de material |
|---|---|---|---|---|---|---|---|---|---|---|---|---|---|---|---|---|---|---|---|
| Dewey Decimal Classification | Procesos Técnicos | General | Inventariado 2017 | Bogotá | Bogotá | 24/01/2001 | Muñoz Saba, Yaneth | 39000.00 | LB-599.4097 B51l | 002353 | 04/12/2012 | Ej. 1 | 04/12/2012 | Libro |